| 000 | 01007nam a22003137a 4500 | ||
|---|---|---|---|
| 001 | BR9900307 | ||
| 003 | BR-BrBNA | ||
| 005 | 20230928100227.0 | ||
| 007 | ta | ||
| 008 | 230509b bl.||||| |||| 00| 0 por d | ||
| 040 |
_aBR-BrBNA _bpor _cBiblioteca Nacional de Agricultura |
||
| 041 | _a(Por) | ||
| 072 |
_aF01; F04 _b0120 |
||
| 090 | _ 0120 BR9900307 | ||
| 100 | 1 | _aSouza Neto, J.M. de | |
| 110 | 1 |
_aEscola Superior de Agricultura Luiz de Queiroz, Piracicaba, SP (Brasil) _0Tese (Mestre em Agronomia) |
|
| 245 | 1 | _aEpoca de plantio e adubacao de Brachiaria brizantha cv. Marandu e espacamento do milho como cultura acompanhante, na formacao de pastagens | |
| 260 | 3 |
_aPiracicaba, SP (Brasil): _c1998. |
|
| 300 | _a58 p. | ||
| 500 | _a36 ref.; 15 tables; Summaries (Eng, Por) | ||
| 650 | _aMilho | ||
| 650 | _aCapim Brachiaria | ||
| 650 | _aPastagem | ||
| 650 | _aEpoca de Plantio | ||
| 650 | _aAdubacao | ||
| 650 | _aEspacamento | ||
| 909 |
_a202309 _bLucia _c55 _dLucia Elande |
||
| 942 | _cBK | ||
| 999 |
_c60662 _d60662 |
||